[Event "Quebec-ch classe U2000"]
[Site "Repentigny CAN"]
[Date "2003.11.22"]
[Round "3"]
[White "Deschesnes, Jean"]
[Black "Benoit-Deschamps, Jean-Marc"]
[Result "0-1"]
[WhiteElo "1761"]
[BlackElo "1818"]
[PlyCount "86"]
[EventDate "2003.11.21"]
[EventType "swiss"]
[EventRounds "5"]
[EventCountry "CAN"]

1. e4 c5 2. d4 cxd4 3. c3 d5 4. exd5 Qxd5 5. Nf3 Nc6 6. Na3 Bg4 7. Be2 Bxf3 8.
Bxf3 Qe5+ 9. Qe2 Qxe2+ 10. Kxe2 dxc3 11. Bxc6+ bxc6 12. bxc3 e6 13. Rb1 Bc5 14.
Nc4 Ne7 15. Be3 Bxe3 16. Nxe3 O-O 17. Rb7 Nd5 18. Nxd5 cxd5 19. Rhb1 g6 20. Rc7
Rfc8 21. Rbb7 Rxc7 22. Rxc7 a6 23. Rb7 Rc8 24. Kd3 Rc4 25. Rb4 Rxb4 26. cxb4
Kf8 27. Kd4 Ke7 28. Kc5 Kd7 29. a4 Kc7 30. f4 Kb7 31. g4 Kc7 32. g5 Kb7 33. Kd4
Kc6 34. Ke5 Kb6 35. Kd4 Kc6 36. Ke5 Kc7 37. Kd4 Kd6 38. h3 Kc6 39. Ke5 Kc7 40.
Kd4 Kd6 41. h4 Kc6 42. Ke5 a5 43. b5+ Kc5 0-1

[Event "Quebec-ch classe U2000"]
[Site "Repentigny CAN"]
[Date "2003.11.22"]
[Round "3"]
[White "Gilbert, Erick"]
[Black "Gauthier, Denis"]
[Result "1/2-1/2"]
[WhiteElo "1949"]
[BlackElo "1967"]
[PlyCount "79"]
[EventDate "2003.11.21"]
[EventType "swiss"]
[EventRounds "5"]
[EventCountry "CAN"]

1. Nf3 Nf6 2. d4 e6 3. e3 b6 4. Bd3 Bb7 5. Nbd2 d5 6. O-O Be7 7. Ne5 O-O 8. f4
Ne4 9. f5 Nd7 10. Nxd7 Qxd7 11. Qg4 exf5 12. Qxf5 Qxf5 13. Rxf5 g6 14. Rf1 Nd6
15. Nf3 f6 16. Bd2 Ne4 17. Be1 Bd6 18. Nd2 f5 19. Nxe4 fxe4 20. Be2 Rxf1+ 21.
Bxf1 Rf8 22. Be2 Bc8 23. a4 a5 24. Bb5 Bb7 25. Bd7 Kg7 26. Rc1 Rf7 27. Be6 Re7
28. Bg4 Bc6 29. b3 Bd7 30. Bxd7 Rxd7 31. c4 c6 32. cxd5 cxd5 33. Rc6 Bc7 34.
Bg3 Bd8 35. Bd6 Kf7 36. Kf2 Ke8 37. Be5 Kf7 38. Rd6 Rxd6 39. Bxd6 Ke6 40. Be5
1/2-1/2

[Event "Quebec-ch classe U2000"]
[Site "Repentigny CAN"]
[Date "2003.11.22"]
[Round "3"]
[White "Lalonde, Jean-Louis"]
[Black "Lalonde, Paul"]
[Result "1-0"]
[WhiteElo "1847"]
[BlackElo "1979"]
[PlyCount "41"]
[EventDate "2003.11.21"]
[EventType "swiss"]
[EventRounds "5"]
[EventCountry "CAN"]

1. d4 d5 2. Nf3 Nf6 3. e3 Bg4 4. c4 e6 5. Nc3 b6 6. cxd5 exd5 7. h3 Bf5 8. Ne5
Be7 9. Bb5+ Kf8 10. O-O Ne4 11. Qf3 Nd6 12. Qxd5 c6 13. Bxc6 Be6 14. Qf3 Nxc6
15. Nxc6 Qc8 16. Nxe7 Kxe7 17. e4 Re8 18. Bf4 Qd8 19. d5 Bc8 20. e5 Nb7 21.
Bg5+ 1-0

[Event "Quebec-ch classe U2000"]
[Site "Repentigny CAN"]
[Date "2003.11.22"]
[Round "3"]
[White "Levesque, Claude"]
[Black "Rodriguez, Herver"]
[Result "0-1"]
[WhiteElo "1804"]
[BlackElo "1848"]
[PlyCount "116"]
[EventDate "2003.11.21"]
[EventType "swiss"]
[EventRounds "5"]
[EventCountry "CAN"]

1. e4 b6 2. Nc3 Bb7 3. Bc4 e6 4. d3 d5 5. exd5 exd5 6. Qe2+ Be7 7. Bb3 Nf6 8.
Nh3 O-O 9. O-O Re8 10. Bg5 h6 11. Bf4 Ba3 12. Qd2 Bxb2 13. Rab1 Bxc3 14. Qxc3
c5 15. Qd2 Nbd7 16. c3 Nf8 17. a4 Ne6 18. Bg3 Qd7 19. f4 d4 20. f5 Nd8 21. c4
Ng4 22. Bd1 Ne3 23. Rf2 Nxf5 24. Bg4 g6 25. Bxf5 gxf5 26. Qxh6 Qe6 27. Qg5+ Qg6
28. Rxf5 Ne6 29. Qxg6+ fxg6 30. Rf6 Kg7 31. Rbf1 Nd8 32. Bh4 Bc8 33. Nf4 Bf5
34. g4 Bd7 35. h3 Bxa4 36. Nxg6 Re6 37. Nf8 Rxf6 38. Bxf6+ Kxf8 39. Bxd8+ Kg8
40. Bg5 Bc2 41. Rf3 Rf8 42. Kf2 Bxd3 43. h4 Bxc4 44. h5 Rxf3+ 45. Kxf3 Bd5+ 46.
Ke2 c4 47. Bf6 d3+ 48. Ke3 b5 49. Bc3 Kh7 50. g5 Bf7 51. g6+ Bxg6 52. hxg6+
Kxg6 53. Kd4 Kf5 54. Kc5 a6 55. Kb6 Ke4 56. Kxa6 b4 57. Bxb4 Kd4 58. Kb5 c3 0-1

[Event "Quebec-ch classe U2000"]
[Site "Repentigny CAN"]
[Date "2003.11.22"]
[Round "3"]
[White "Miron, Francois"]
[Black "Poirier, Erik"]
[Result "0-1"]
[WhiteElo "1983"]
[BlackElo "1985"]
[PlyCount "88"]
[EventDate "2003.11.21"]
[EventType "swiss"]
[EventRounds "5"]
[EventCountry "CAN"]

1. e4 c5 2. Nc3 Nc6 3. f4 g6 4. Nf3 Bg7 5. Bc4 e6 6. f5 Nge7 7. fxe6 fxe6 8. d3
d5 9. Bb3 b5 10. O-O Qb6 11. Kh1 b4 12. Na4 Qa5 13. Ng5 Bd7 14. Nf7 O-O 15.
Nh6+ Kh8 16. Bg5 Rxf1+ 17. Qxf1 Rf8 18. Qd1 c4 19. dxc4 dxc4 20. Bxe7 Nxe7 21.
Qxd7 cxb3 22. Qxe7 Qxa4 23. cxb3 Qe8 24. Qxe8 Rxe8 25. Ng4 Bxb2 26. Rb1 Rd8 27.
Ne3 Bc3 28. Rd1 Rxd1+ 29. Nxd1 Bd4 30. g4 Kg7 31. g5 h6 32. h4 hxg5 33. hxg5
Be5 34. Nf2 Bf4 35. Nh3 Bc1 36. Kg2 Kf7 37. Kf3 Ke7 38. Nf4 Bxf4 39. Kxf4 Kd6
40. Kf3 Ke5 41. Ke3 a6 42. Kd3 Kf4 43. Kd4 a5 44. Kd3 e5 0-1

[Event "Quebec-ch classe U2000"]
[Site "Repentigny CAN"]
[Date "2003.11.22"]
[Round "3"]
[White "Paduano, Gennaro"]
[Black "Rivest, Jean-Michel"]
[Result "1-0"]
[WhiteElo "1820"]
[BlackElo "1929"]
[PlyCount "49"]
[EventDate "2003.11.21"]
[EventType "swiss"]
[EventRounds "5"]
[EventCountry "CAN"]

1. e4 c5 2. Nc3 Nc6 3. f4 g6 4. Nf3 Bg7 5. Bb5 a6 6. Bxc6 bxc6 7. d3 d6 8. O-O
Nf6 9. Qe1 e5 10. fxe5 dxe5 11. b3 Qd6 12. Na4 Bg4 13. Be3 Nd7 14. Qc3 Bf8 15.
h3 Bxf3 16. Rxf3 f6 17. Qc4 Bg7 18. Rd1 Bf8 19. c3 Kd8 20. d4 cxd4 21. cxd4 Kc7
22. d5 Kb7 23. Rff1 c5 24. Rc1 Rc8 25. b4 1-0

[Event "Quebec-ch classe U2000"]
[Site "Repentigny CAN"]
[Date "2003.11.22"]
[Round "3"]
[White "Plante, Michel"]
[Black "Libersan, Thierry"]
[Result "1/2-1/2"]
[WhiteElo "1943"]
[BlackElo "1927"]
[PlyCount "89"]
[EventDate "2003.11.21"]
[EventType "swiss"]
[EventRounds "5"]
[EventCountry "CAN"]

1. d4 Nf6 2. Nf3 g6 3. Bg5 Bg7 4. Nbd2 d6 5. e4 h6 6. Bh4 O-O 7. c3 Nbd7 8. Bc4
c6 9. Bb3 Qc7 10. Qe2 e5 11. dxe5 dxe5 12. Bxf6 Bxf6 13. Qe3 Kg7 14. O-O-O Be7
15. h4 a5 16. Rh2 a4 17. Bc2 Nf6 18. Qe2 b5 19. Nf1 Be6 20. Kb1 Ng4 21. Rh1 Bc5
22. Ne3 Nxe3 23. fxe3 b4 24. c4 b3 25. axb3 axb3 26. Bxb3 Rfb8 27. Rd3 f5 28.
Nd2 Bb4 29. Rd1 h5 30. exf5 Bxf5 31. e4 Bg4 32. Nf3 Rd8 33. Kc2 Bc5 34. Qd2 Bd4
35. Rf1 Bxf3 36. Rdxf3 Rf8 37. Rxf8 Rxf8 38. Rxf8 Kxf8 39. Qh6+ Qg7 40. Qg5 Qf7
41. c5 Qf2+ 42. Kd3 Qf1+ 43. Kd2 Qf4+ 44. Qxf4+ exf4 45. Ke2 1/2-1/2

[Event "Quebec-ch classe U2000"]
[Site "Repentigny CAN"]
[Date "2003.11.23"]
[Round "4"]
[White "Benoit-Deschamps, Jean-Marc"]
[Black "Lalonde, Jean-Louis"]
[Result "0-1"]
[WhiteElo "1818"]
[BlackElo "1847"]
[PlyCount "162"]
[EventDate "2003.11.21"]
[EventType "swiss"]
[EventRounds "5"]
[EventCountry "CAN"]

1. d4 Nf6 2. c4 g6 3. Nc3 Bg7 4. e4 O-O 5. e5 Ne8 6. f4 d6 7. Nf3 Bg4 8. Be2 c5
9. dxc5 Nc6 10. cxd6 exd6 11. exd6 Nxd6 12. O-O Bxc3 13. bxc3 Qb6+ 14. Kh1 Ne4
15. Qb3 Nf2+ 16. Kg1 Nh3+ 17. Kh1 Nf2+ 18. Kg1 Ne4+ 19. Qxb6 axb6 20. Bb2 Nd2
21. Rfd1 Nxf3+ 22. Bxf3 Bxf3 23. gxf3 Na5 24. Rd4 Rfc8 25. Rb1 Nxc4 26. a3 Nxb2
27. Rxb2 Rxc3 28. a4 Rxf3 29. Rxb6 Ra3 30. Rxb7 R8xa4 31. Rbb4 Rxb4 32. Rxb4
Ra2 33. Rb5 Kg7 34. Rb4 h6 35. Rc4 h5 36. h3 Kf6 37. Rb4 Kf5 38. Rc4 Re2 39.
Rc7 f6 40. Rf7 Re4 41. Kg2 Rxf4 42. Kg3 Ra4 43. Rb7 h4+ 44. Kg2 Kf4 45. Rb2 f5
46. Rf2+ Kg5 47. Rb2 Ra3 48. Rb4 Re3 49. Ra4 Re2+ 50. Kg1 Re4 51. Ra6 Kh5 52.
Ra8 g5 53. Rh8+ Kg6 54. Rg8+ Kf6 55. Rh8 Ke5 56. Kf2 Kf4 57. Rh7 Ra4 58. Rg7
Ra2+ 59. Kg1 g4 60. hxg4 fxg4 61. Rb7 h3 62. Rb4+ Kg3 63. Rb3+ Kh4 64. Rb4 Ra1+
65. Kh2 Ra2+ 66. Kg1 Rg2+ 67. Kh1 Re2 68. Kg1 Kg3 69. Rb3+ Kf4 70. Rb4+ Kf3 71.
Rb3+ Re3 72. Rb1 g3 73. Rf1+ Ke2 74. Rf8 Re4 75. Rf7 Rd4 76. Re7+ Kf3 77. Rf7+
Rf4 78. Ra7 Rf5 79. Ra3+ Kg4 80. Ra4+ Rf4 81. Ra8 h2+ 0-1

[Event "Quebec-ch classe U2000"]
[Site "Repentigny CAN"]
[Date "2003.11.23"]
[Round "4"]
[White "Gauthier, Denis"]
[Black "Plante, Michel"]
[Result "0-1"]
[WhiteElo "1967"]
[BlackElo "1943"]
[PlyCount "53"]
[EventDate "2003.11.21"]
[EventType "swiss"]
[EventRounds "5"]
[EventCountry "CAN"]

1. d4 d5 2. c4 e6 3. Nc3 c6 4. Nf3 Nf6 5. Qd3 dxc4 6. Qxc4 b5 7. Qd3 Ba6 8. Qc2
Bb7 9. e4 Nbd7 10. Bd3 a6 11. O-O c5 12. e5 cxd4 13. exf6 dxc3 14. fxg7 Bxg7
15. bxc3 Bxf3 16. gxf3 Rc8 17. Bd2 Nc5 18. Be4 Nxe4 19. fxe4 Qf6 20. Rae1 Rd8
21. Re3 Bh6 22. f4 Bxf4 23. Ref3 Qg5+ 24. Kh1 Rxd2 25. Qxd2 Bxd2 26. Rxf7 Rg8
27. R7f2 0-1

[Event "Quebec-ch classe U2000"]
[Site "Repentigny CAN"]
[Date "2003.11.23"]
[Round "4"]
[White "Libersan, Thierry"]
[Black "Paduano, Gennaro"]
[Result "1/2-1/2"]
[WhiteElo "1927"]
[BlackElo "1820"]
[PlyCount "65"]
[EventDate "2003.11.21"]
[EventType "swiss"]
[EventRounds "5"]
[EventCountry "CAN"]

1. e4 e5 2. Nf3 Nc6 3. Bb5 Nd4 4. Nxd4 exd4 5. d3 c6 6. Bc4 Nf6 7. e5 d5 8.
exf6 dxc4 9. O-O Qxf6 10. Re1+ Be6 11. Nd2 cxd3 12. Ne4 Qg6 13. cxd3 Bb4 14.
Bd2 Bxd2 15. Qxd2 O-O-O 16. Qa5 Kb8 17. Qe5+ Ka8 18. b4 Bd5 19. Qc7 Rde8 20. f3
Bxe4 21. Rxe4 Rxe4 22. dxe4 Qe6 23. a4 Qb3 24. b5 cxb5 25. axb5 Qxb5 26. Qxf7
Qe2 27. Qxg7 Qe3+ 28. Kf1 Rc8 29. Qd7 Qd3+ 30. Kg1 Qe3+ 31. Kf1 Qd3+ 32. Kg1
Qe3+ 33. Kf1 1/2-1/2

[Event "Quebec-ch classe U2000"]
[Site "Repentigny CAN"]
[Date "2003.11.23"]
[Round "4"]
[White "Maxant, Joseph"]
[Black "Miron, Francois"]
[Result "1/2-1/2"]
[WhiteElo "1800"]
[BlackElo "1983"]
[PlyCount "93"]
[EventDate "2003.11.21"]
[EventType "swiss"]
[EventRounds "5"]
[EventCountry "CAN"]

1. e4 g6 2. d4 Bg7 3. Nf3 d6 4. Bf4 Nc6 5. c3 Nf6 6. Nbd2 O-O 7. Be2 Nh5 8. Be3
e5 9. dxe5 dxe5 10. O-O Nf4 11. Bxf4 exf4 12. Nb3 Qe7 13. Nfd2 Ne5 14. Re1 g5
15. Nc4 Rd8 16. Qc2 g4 17. Nxe5 Bxe5 18. Rad1 Be6 19. Nd4 f3 20. Bf1 fxg2 21.
Bxg2 Qh4 22. Nxe6 Qxh2+ 23. Kf1 fxe6 24. Rxd8+ Rxd8 25. Qb3 Kf7 26. Rd1 Qh4 27.
Rxd8 Qxd8 28. Ke2 Bf4 29. Qc2 Qd6 30. e5 Qxe5+ 31. Kf1 Kg7 32. Bxb7 Qb5+ 33.
Kg1 Qxb7 34. Qa4 Qd5 35. Qxf4 Qd1+ 36. Kg2 Qf3+ 37. Qxf3 gxf3+ 38. Kxf3 Kf6 39.
Kg4 Ke5 40. Kg5 Ke4 41. Kh6 e5 42. Kxh7 Kf3 43. Kg6 Kxf2 44. Kf5 Ke3 45. Kxe5
Kd3 46. Kd5 Kc2 47. a4 1/2-1/2

[Event "Quebec-ch classe U2000"]
[Site "Repentigny CAN"]
[Date "2003.11.23"]
[Round "4"]
[White "Poirier, Erik"]
[Black "Gilbert, Erick"]
[Result "1-0"]
[WhiteElo "1985"]
[BlackElo "1949"]
[PlyCount "93"]
[EventDate "2003.11.21"]
[EventType "swiss"]
[EventRounds "5"]
[EventCountry "CAN"]

1. d4 Nf6 2. c4 c5 3. d5 b5 4. cxb5 a6 5. b6 g6 6. Nc3 d6 7. e4 Bg7 8. Be2 Nbd7
9. Nf3 Nxb6 10. O-O O-O 11. a4 Bb7 12. a5 Nbd7 13. Bf4 Ng4 14. Nd2 Nge5 15. Be3
Nf6 16. f4 Ned7 17. Nc4 Ne8 18. Bf3 Rb8 19. Re1 Nc7 20. Bf2 Ba8 21. e5 Rb4 22.
b3 Qb8 23. Rb1 Ne8 24. Bg3 Qd8 25. Kh1 Qc7 26. Qd3 Nb8 27. h3 Nd7 28. Re2 f5
29. exd6 exd6 30. Re6 Qb8 31. Na4 Qb5 32. Be1 Qb8 33. Bxb4 cxb4 34. Rbe1 Ndf6
35. Nab6 Bb7 36. Qe2 Bc8 37. Nxc8 Qxc8 38. Nxd6 Nxd6 39. Rxd6 Qc5 40. Qe6+ Kh8
41. Rc6 Qf2 42. Rec1 Ne4 43. Bxe4 fxe4 44. d6 Qxf4 45. Rc8 Bc3 46. Rxf8+ Qxf8
47. d7 1-0

[Event "Quebec-ch classe U2000"]
[Site "Repentigny CAN"]
[Date "2003.11.22"]
[Round "4"]
[White "Rivest, Jean-Michel"]
[Black "Rodriguez, Herver"]
[Result "0-1"]
[WhiteElo "1929"]
[BlackElo "1848"]
[PlyCount "68"]
[EventDate "2003.11.21"]
[EventType "swiss"]
[EventRounds "5"]
[EventCountry "CAN"]

1. e4 c5 2. Nf3 d6 3. d4 cxd4 4. Nxd4 Nf6 5. Nc3 a6 6. Be3 e5 7. Nb3 Be7 8. f3
Be6 9. Qd2 Nc6 10. O-O-O Qc7 11. g4 Rc8 12. g5 Nd7 13. h4 Bxb3 14. axb3 Qa5 15.
Kb1 Nb4 16. Bh3 b5 17. f4 Rc7 18. Bxd7+ Rxd7 19. fxe5 O-O 20. Qf2 Qc7 21. exd6
Bxd6 22. h5 Rc8 23. g6 h6 24. gxf7+ Rxf7 25. Qd2 Be5 26. Bd4 Bf4 27. Qg2 Qa5
28. Bxg7 Rxg7 29. Qh3 Rxc3 30. Qe6+ Kh8 31. Rd8+ Qxd8 32. bxc3 Nxc2 33. Kxc2
Rg2+ 34. Kb1 Qd3+ 0-1

[Event "Quebec-ch classe U2000"]
[Site "Repentigny CAN"]
[Date "2003.11.23"]
[Round "4"]
[White "Ye, Ling Feng"]
[Black "Levesque, Claude"]
[Result "1-0"]
[WhiteElo "1831"]
[BlackElo "1804"]
[PlyCount "51"]
[EventDate "2003.11.21"]
[EventType "swiss"]
[EventRounds "5"]
[EventCountry "CAN"]

1. e4 g6 2. d4 Bg7 3. Nf3 d6 4. Bd3 Nf6 5. O-O O-O 6. Nc3 c6 7. h3 Qc7 8. Be3
e5 9. dxe5 dxe5 10. Qd2 Nbd7 11. Rad1 b5 12. b4 Re8 13. Ne2 Nf8 14. Ng3 Ne6 15.
c4 a6 16. c5 Bb7 17. Bc2 Rad8 18. Qc1 a5 19. bxa5 Ra8 20. Bb3 Rxa5 21. Ng5 Bc8
22. f4 exf4 23. Bxf4 Qa7 24. Be5 Nxc5 25. Bxf7+ Kh8 26. Bd4 1-0

[Event "Quebec-ch classe U2000"]
[Site "Repentigny CAN"]
[Date "2003.11.23"]
[Round "5"]
[White "Gauthier, Denis"]
[Black "Deschesnes, Jean"]
[Result "1-0"]
[WhiteElo "1967"]
[BlackElo "1761"]
[PlyCount "61"]
[EventDate "2003.11.21"]
[EventType "swiss"]
[EventRounds "5"]
[EventCountry "CAN"]

1. d4 Nf6 2. c4 c5 3. d5 b5 4. cxb5 a6 5. b6 d6 6. Nc3 g6 7. Nf3 Bg7 8. e4 Qxb6
9. Nd2 O-O 10. Nc4 Qc7 11. a4 Nbd7 12. a5 Rb8 13. Be2 h6 14. O-O Ne8 15. f4 Qa7
16. Be3 Nc7 17. Qd2 Rb3 18. Kh1 Nb5 19. Rac1 Nd4 20. Bd3 Nf6 21. e5 dxe5 22.
fxe5 Ng4 23. Bf4 Nxe5 24. Bxe5 Bf5 25. Bxg7 Kxg7 26. Bxf5 Nxf5 27. Rce1 Rb4 28.
Qd3 Nd4 29. Ne5 Rxb2 30. Rxf7+ Rxf7 31. Qxg6+ 1-0

[Event "Quebec-ch classe U2000"]
[Site "Repentigny CAN"]
[Date "2003.11.23"]
[Round "5"]
[White "Gilbert, Erick"]
[Black "Rivest, Jean-Michel"]
[Result "1-0"]
[WhiteElo "1949"]
[BlackElo "1929"]
[PlyCount "73"]
[EventDate "2003.11.21"]
[EventType "swiss"]
[EventRounds "5"]
[EventCountry "CAN"]

1. Nf3 Nf6 2. d4 d5 3. e3 g6 4. Bd3 Bg7 5. O-O c5 6. dxc5 Qa5 7. Bd2 Qxc5 8.
Bc3 Nc6 9. Nbd2 O-O 10. Qe2 Re8 11. e4 e5 12. Nb3 Qe7 13. Rad1 dxe4 14. Bxe4
Nxe4 15. Qxe4 Bf5 16. Qe2 Rad8 17. a3 Qc7 18. Rxd8 Rxd8 19. Rd1 f6 20. Nc5
Rxd1+ 21. Qxd1 Qf7 22. Nh4 Bc8 23. b3 Bf8 24. Ne4 Bxa3 25. f4 Qe7 26. fxe5 fxe5
27. Nf3 Bf5 28. Qd5+ Kf8 29. Bd2 Be6 30. Bh6+ Kg8 31. Qb5 Nd4 32. Nxd4 exd4 33.
Qe5 Bf5 34. Nf6+ Kf7 35. Qd5+ Kxf6 36. Qxd4+ Qe5 37. Bg7+ 1-0

[Event "Quebec-ch classe U2000"]
[Site "Repentigny CAN"]
[Date "2003.11.23"]
[Round "5"]
[White "Lalonde, Jean-Louis"]
[Black "Libersan, Thierry"]
[Result "1/2-1/2"]
[WhiteElo "1847"]
[BlackElo "1927"]
[PlyCount "98"]
[EventDate "2003.11.21"]
[EventType "swiss"]
[EventRounds "5"]
[EventCountry "CAN"]

1. d4 Nf6 2. Nf3 g6 3. c4 Bg7 4. Nc3 O-O 5. e4 d6 6. Be2 e5 7. d5 a5 8. O-O Na6
9. Ne1 Nc5 10. Bg5 h6 11. Bxf6 Qxf6 12. Bg4 Qe7 13. Bxc8 Raxc8 14. Nd3 Nd7 15.
a3 f5 16. b4 axb4 17. axb4 Nf6 18. f3 Ra8 19. c5 f4 20. Rf2 Rfc8 21. Rfa2 Qd8
22. Qb3 Kh7 23. Rxa8 Rxa8 24. Ra4 g5 25. Rxa8 Qxa8 26. Qa4 Qc8 27. Nb5 Bf8 28.
Qc2 Qd8 29. Qc3 g4 30. Qc2 Kg7 31. cxd6 Bxd6 32. Nc5 Bxc5+ 33. Qxc5 c6 34. Nd6
cxd5 35. Nf5+ Kg6 36. Ne7+ Kf7 37. Nxd5 g3 38. hxg3 fxg3 39. Kf1 Ke6 40. Nc7+
Kd7 41. Nd5 Ke6 42. Nc7+ Kd7 43. Qxe5 Qxc7 44. Qxf6 Qc1+ 45. Ke2 Qc2+ 46. Ke3
Qc1+ 47. Kd3 Qf1+ 48. Ke3 Qxg2 49. Qf7+ Kc6 1/2-1/2

[Event "Quebec-ch classe U2000"]
[Site "Repentigny CAN"]
[Date "2003.11.23"]
[Round "5"]
[White "Plante, Michel"]
[Black "Poirier, Erik"]
[Result "1/2-1/2"]
[WhiteElo "1943"]
[BlackElo "1985"]
[PlyCount "109"]
[EventDate "2003.11.21"]
[EventType "swiss"]
[EventRounds "5"]
[EventCountry "CAN"]

1. d4 Nf6 2. Nf3 e6 3. e3 b6 4. Bd3 Bb7 5. Nbd2 d5 6. c3 Be7 7. O-O O-O 8. Qe2
c5 9. e4 dxe4 10. Nxe4 cxd4 11. Nxd4 Qd5 12. f3 Nc6 13. Nxc6 Qxc6 14. Nxf6+
Bxf6 15. Be4 Qc7 16. Bxb7 Qxb7 17. Be3 Rfd8 18. Rad1 e5 19. Bf2 g6 20. a3 Bg7
21. Bh4 f6 22. Rd3 Rxd3 23. Qxd3 Re8 24. Rd1 e4 25. fxe4 Qxe4 26. Qxe4 Rxe4 27.
Be1 Kf7 28. Kf2 f5 29. Rd7+ Re7 30. Rxe7+ Kxe7 31. Ke3 Bh6+ 32. Kd3 Ke6 33. a4
Bf4 34. h3 g5 35. b4 h5 36. Bf2 g4 37. c4 Bd6 38. c5 bxc5 39. bxc5 Bc7 40. Kd4
Be5+ 41. Kc4 a6 42. hxg4 hxg4 43. g3 Bb8 44. Kd4 Bc7 45. Be1 Be5+ 46. Kc4 f4
47. gxf4 Bxf4 48. Bf2 g3 49. Bg1 Bd2 50. Kd3 Be1 51. Ke2 Bb4 52. Kf3 Kd5 53.
Kxg3 Bxc5 54. Bxc5 Kxc5 55. Kf3 1/2-1/2

[Event "Quebec-ch classe U2000"]
[Site "Repentigny CAN"]
[Date "2003.11.23"]
[Round "5"]
[White "Rodriguez, Herver"]
[Black "Paduano, Gennaro"]
[Result "0-1"]
[WhiteElo "1848"]
[BlackElo "1820"]
[PlyCount "36"]
[EventDate "2003.11.21"]
[EventType "swiss"]
[EventRounds "5"]
[EventCountry "CAN"]

1. e4 e5 2. Nf3 Nc6 3. Bb5 Nd4 4. Nxd4 exd4 5. c3 Qg5 6. Bf1 Qg6 7. d3 Bc5 8.
b4 Be7 9. a3 d5 10. exd5 Nf6 11. c4 O-O 12. Ra2 Re8 13. Re2 Bf5 14. Re5 Bxb4+
15. axb4 Rxe5+ 16. Kd2 b5 17. Na3 bxc4 18. dxc4 Ne4+ 0-1

[Event "Quebec-ch inv."]
[Site "Montreal CAN"]
[Date "2003.06.26"]
[Round "1"]
[White "Feoktistov, Dmitri"]
[Black "Maly, Alexey"]
[Result "0-1"]
[WhiteElo "2125"]
[BlackElo "2366"]
[PlyCount "60"]
[EventDate "2003.06.26"]
[EventType "tourn"]
[EventRounds "9"]
[EventCountry "CAN"]

1. d4 d5 2. c4 dxc4 3. Nf3 Nf6 4. Nc3 a6 5. a4 Nc6 6. e3 Na5 7. Ne5 Be6 8. Be2
g6 9. Bd2 Bg7 10. Bf3 c5 11. Ne2 Nb3 12. Bxb7 Nxa1 13. Nc6 Qc7 14. Bxa8 Qc8 15.
Qxa1 Qxa8 16. Ne5 Qxg2 17. Rg1 Qxh2 18. Nf3 Qd6 19. Bc3 O-O 20. dxc5 Qxc5 21.
Ned4 Bd5 22. Ne5 Qd6 23. f4 Ne4 24. Nf5 Qc7 25. Bd4 gxf5 26. Ke2 f6 27. Rxg7+
Kxg7 28. Qg1+ Kh8 29. Qh2 Qa5 30. Bc3 Nxc3+ 0-1

[Event "Quebec-ch inv."]
[Site "Montreal CAN"]
[Date "2003.06.27"]
[Round "2"]
[White "Kleinplatz, Sam"]
[Black "Feoktistov, Dmitri"]
[Result "1/2-1/2"]
[WhiteElo "2312"]
[BlackElo "2125"]
[PlyCount "50"]
[EventDate "2003.06.26"]
[EventType "tourn"]
[EventRounds "9"]
[EventCountry "CAN"]

1. e4 c6 2. d4 d5 3. exd5 cxd5 4. c4 Nf6 5. Nc3 Nc6 6. Nf3 Bg4 7. cxd5 Nxd5 8.
Be2 e6 9. O-O Be7 10. Re1 O-O 11. h3 Bh5 12. Ne5 Bxe2 13. Rxe2 Nxe5 14. Rxe5
Bf6 15. Re1 Qb6 16. Nxd5 exd5 17. Be3 Qxb2 18. a4 Qb6 19. Rb1 Qc6 20. Qb3 b6
21. Rec1 Qd6 22. Rc2 Rac8 23. Rbc1 Rxc2 24. Rxc2 Qd7 25. Qb5 Qxb5 1/2-1/2

[Event "Quebec-ch inv."]
[Site "Montreal CAN"]
[Date "2003.06.28"]
[Round "3"]
[White "Voskanyan, Vahagn"]
[Black "Maly, Alexey"]
[Result "0-1"]
[WhiteElo "2314"]
[BlackElo "2366"]
[PlyCount "82"]
[EventDate "2003.06.26"]
[EventType "tourn"]
[EventRounds "9"]
[EventCountry "CAN"]

1. e4 c6 2. d4 d5 3. Nc3 dxe4 4. Nxe4 Bf5 5. Ng3 Bg6 6. Nf3 Nd7 7. h4 h6 8. h5
Bh7 9. Bd3 Bxd3 10. Qxd3 Ngf6 11. Bd2 e6 12. O-O-O Be7 13. Qe2 O-O 14. Ne5 c5
15. Nxd7 Qxd7 16. dxc5 Qa4 17. Kb1 Bxc5 18. c4 b5 19. Rh4 Rfd8 20. Rc1 Rab8 21.
Bc3 Be7 22. Ne4 Nxe4 23. Rxe4 b4 24. Be5 b3 25. axb3 Rxb3 26. Rg4 f6 27. Bc7
Rd7 28. c5 Qc6 29. Bd6 Rdb7 30. Qxe6+ Kh8 31. Rc2 Qb5 32. Qe2 Rxb2+ 33. Rxb2
Qxe2 34. Rxb7 Bxd6 35. cxd6 Qxg4 36. d7 Qd1+ 37. Kb2 Kh7 38. Rxa7 Qd4+ 39. Kb3
Qd5+ 40. Kb4 Kg8 41. g4 Kf8 0-1

[Event "Quebec-ch inv."]
[Site "Montreal CAN"]
[Date "2003.06.30"]
[Round "5"]
[White "Feoktistov, Dmitri"]
[Black "Pruess, David"]
[Result "1/2-1/2"]
[WhiteElo "2125"]
[BlackElo "2331"]
[PlyCount "47"]
[EventDate "2003.06.26"]
[EventType "tourn"]
[EventRounds "9"]
[EventCountry "CAN"]

1. d4 d5 2. c4 e6 3. Nc3 c6 4. Nf3 Nf6 5. Bg5 dxc4 6. e4 b5 7. e5 h6 8. Bh4 g5
9. Nxg5 hxg5 10. Bxg5 Nbd7 11. g3 Qb6 12. exf6 Bb7 13. Bg2 O-O-O 14. O-O Bh6
15. Bxh6 Rxh6 16. Qg4 Rdh8 17. Ne4 Nxf6 18. Nxf6 Rxf6 19. Rad1 Rg6 20. Qf4 Qc7
21. Qe5 Rd8 22. f4 Rh6 23. Bf3 f5 24. Rfe1 1/2-1/2

[Event "Quebec-ch inv."]
[Site "Montreal CAN"]
[Date "2003.06.30"]
[Round "5"]
[White "Maly, Alexey"]
[Black "Kleinplatz, Sam"]
[Result "1-0"]
[WhiteElo "2366"]
[BlackElo "2312"]
[PlyCount "69"]
[EventDate "2003.06.26"]
[EventType "tourn"]
[EventRounds "9"]
[EventCountry "CAN"]

1. d4 Nf6 2. c4 c5 3. d5 b5 4. Nf3 Bb7 5. a4 bxc4 6. Nc3 e6 7. e4 exd5 8. exd5
d6 9. Bxc4 Be7 10. O-O O-O 11. Re1 Re8 12. Qd3 a5 13. Bb5 Nbd7 14. Bf4 Bf8 15.
Rxe8 Qxe8 16. Re1 Qc8 17. Ng5 Nb6 18. Be8 Qxe8 19. Rxe8 Rxe8 20. Bd2 h6 21. Nf3
Nbxd5 22. Nxd5 Bxd5 23. Bxa5 Ra8 24. Qb5 Be6 25. b3 Bxb3 26. Qxb3 Rxa5 27. h3
Ra7 28. g4 d5 29. Qb5 Ne4 30. a5 Bd6 31. Qb6 Ra8 32. a6 Rb8 33. Qc6 Rb1+ 34.
Kg2 Ra1 35. Qb7 1-0

[Event "Quebec-ch inv."]
[Site "Montreal CAN"]
[Date "2003.07.02"]
[Round "6"]
[White "Hua, Lefong"]
[Black "Feoktistov, Dmitri"]
[Result "0-1"]
[WhiteElo "2267"]
[BlackElo "2125"]
[PlyCount "50"]
[EventDate "2003.06.26"]
[EventType "tourn"]
[EventRounds "9"]
[EventCountry "CAN"]

1. e4 c6 2. d4 d5 3. exd5 cxd5 4. c4 Nf6 5. Nc3 Nc6 6. Nf3 Bg4 7. Qb3 Bxf3 8.
gxf3 Nxd4 9. Qd1 dxc4 10. Be3 Nc6 11. Bxc4 e6 12. Qb3 Bb4 13. Rd1 Qc7 14. O-O
Bxc3 15. Qxc3 O-O 16. Bb3 Rfd8 17. Rxd8+ Rxd8 18. Bxa7 Qf4 19. Qe3 Qf5 20. Kg2
Nh5 21. Bb6 Rd3 22. Bc2 Nf4+ 23. Qxf4 Qxf4 24. Bxd3 Qd2 25. Bc4 Qb4 0-1

[Event "Quebec-ch inv."]
[Site "Montreal CAN"]
[Date "2003.07.03"]
[Round "7"]
[White "Voskanyan, Vahagn"]
[Black "Pruess, David"]
[Result "0-1"]
[WhiteElo "2314"]
[BlackElo "2331"]
[PlyCount "56"]
[EventDate "2003.06.26"]
[EventType "tourn"]
[EventRounds "9"]
[EventCountry "CAN"]

1. e4 e6 2. d4 d5 3. Nc3 Nf6 4. Bg5 Be7 5. e5 Nfd7 6. h4 c5 7. Bxe7 Qxe7 8. Nb5
O-O 9. Nc7 cxd4 10. Nxa8 f6 11. Qxd4 Nc6 12. Qd2 fxe5 13. Nf3 Nf6 14. O-O-O Ng4
15. Bb5 e4 16. Nd4 Nxf2 17. Rhf1 Nxd1 18. Rxf8+ Qxf8 19. Qxd1 Bd7 20. c4 Nxd4
21. Qxd4 Bxb5 22. cxb5 Qxa8 23. Qc5 h6 24. a4 Qf8 25. Qxa7 Qf1+ 26. Kd2 Qd3+
27. Kc1 e3 28. Qa5 Qf1+ 0-1